00411 a2200121 450000500170000002000060001708200160002310000160003924501260005526000430018130000420022470000230026620250310131123.0 a- a342.676 GHA aGHAI, Y. P. aPublic Law and Political Change in Kenya: A Study of the Legal Framework of Government from Colonial Times to the Present aNairobibOxford University Pressc1970 axxviii, 536p.bAppendix, Indexc21cm. aMcAUSLAN, J.P.W.B.